Breve análisis de la responsabilidad civil de los concesionarios viales a la luz del Código Civil y Comercail de la Nación (Registro nro. 31647)

Detalles MARC
000 -LEADER
fixed length control field 00465 a2200121 4500
001 - CONTROL NUMBER
control field ART_40575
005 - DATE AND TIME OF LATEST TRANSACTION
control field 20260410162005.0
008 - FIXED-LENGTH DATA ELEMENTS--GENERAL INFORMATION
fixed length control field 260409a
100 1# - MAIN ENTRY--PERSONAL NAME
Personal name Parrilli, Ernesto N.
245 10 - TITLE STATEMENT
Title Breve análisis de la responsabilidad civil de los concesionarios viales a la luz del Código Civil y Comercail de la Nación
700 1# - ADDED ENTRY--PERSONAL NAME
Personal name Rebaudi Basavilbaso, Ignacio M.
773 0# - HOST ITEM ENTRY
Title Temas de derecho civil
Related parts - Año 2, Nº 10 (oct. 2016)
Record control number REV34778

No hay ítems disponibles.